Responses for Show #3124 - Thursday, March 12, 1998

Contestants

[<< previous game]

Billy Mason-Dennis, a data conversion operator from Berryville, Virginia

Andrew Hoenig, an attorney originally from Radnor, Pennsylvania

Bob Ryffel, a computer expert from Fairfield, Connecticut (whose 1-day cash winnings total $6,600)

[next game >>]

Jeopardy! Round responses

SUPERSTITIONS
BUDDY THE BEEKEEPER
THE 1970s
HANNA-BARBERA CATS
BATTLE CRIES
BODY LANGUAGE
    $100 2
sneeze

Billy
    $100 8
sugar

Andrew
    $100 15
blue jeans

BobCat
    $100 1
Ruff

Billy
    $100 24
give up the ship

Andrew
    $100 20
his nose

BobCat
    $200 3
a ladder

BobCat
    $200 9
a beekeeper's veil

BobCat
    $200 16
Grease

Billy
    $200 6
Top Cat

Andrew
    $200 25
Geronimo

Andrew
    $200 21
knee jerk

BobCat
    $300 4
gargoyles

Billy
    $300 10
smoke

Andrew
    $300 17
Evel Knievel

BobCat
    $300 12
Snagglepuss

BobCat
    $300 26
"Dont Tread On Me"

Andrew
    $300 22
heel

Andrew
    $400 5
make a wish

BobCat
    $400 11
beeswax

BobCat
    $1,300 18
Bangladesh

BobCat
    $400 13
Pixie & Dixie

Triple Stumper
    $400 27
(Billy: What is "The Battle Hymn of the Republic"?)
(Andrew: What is "Marching To Georgia"?)

The Battle Cry Of Freedom

AndrewBilly
Triple Stumper
    $400 29
elbow grease

Andrew
    $500 7
a kiss

Andrew
    $500 23
swarms

Andrew
    $500 19
the American Legion

Billy
    $500 14
Josie

BobCat
    $500 28
"Remember the Maine"

BobCat
    $500 30
their hands

Andrew

Scores at the first commercial break (after clue 15):

BobCat Andrew Billy
$2,100 $1,100 $500

Scores at the end of the Jeopardy! Round:

BobCat Andrew Billy
$4,500 $3,000 $800

Double Jeopardy! Round responses

1980s LIT
WHAT CITY ARE WE IN?
1930s TV
WISDOM OF THE AGES
EVERYBODY TALKS ABOUT IT...
PSYCHOBABBLE
    $200 2
architecture

Billy
    $200 1
London

Andrew
    $200 6
Procter & Gamble

Billy
    $200 20
contempt

Andrew
    $200 27
Hawaii

Andrew
    $200 16
denial

BobCat
    $400 5
minimalist

BobCat
    $400 3
Vienna

Billy
    $400 8
the Empire State Building

Billy
    $400 21
a single step

Andrew
    $400 26
the telegraph

BobCat
    $400 17
memories

BobCat
    $600 10
James Dickey

Triple Stumper
    $600 4
The Hague

Andrew
    $600 13
Neville Chamberlain

BobCat
    $5,000 22
words

Andrew
    $600 28
the Atacama Desert

Triple Stumper
    $600 18
acceptance (or closure)

BobCat
    $800 11
a computer

BobCat
    $800 7
Kuala Lumpur

BobCat
    $800 14
Leo Durocher

Triple Stumper
    $800 23
(Billy: What is anger?)

makes mad

Billy
Triple Stumper
    $800 29
the jet stream

Andrew
    $800 19
dysfunctional

Andrew
    $1000 12
The Remains of the Day

Triple Stumper
    $1000 9
Montreal

Andrew
    $1000 15
the Summer Olympics (from Berlin)

BobCat
    $1000 24
Change

BobCat
    $1,200 30
[Shown was a half-white/half-dark circle.]
(Andrew: What is a half moon?)

partly cloudy

Andrew
    $1000 25
co-dependency

BobCat

Scores at the end of the Double Jeopardy! Round:

BobCat Andrew Billy
$11,700 $11,000 $1,200

[wagering suggestions for these scores]

Final Jeopardy! Round responses

MEDIEVAL DRAMA
BillyWhat is Everyman?
$800
AndrewWhat is every man
$11,000
BobCatWhat is Everyman?
$10,301
Everyman

Final scores:

BobCat Andrew Billy
$22,001 $22,000 $2,000
2-day champion: $28,601 2nd place: a trip to Kauai Coconut Beach Hotel, Hawaii 3rd place: a Ducane 2004SS gas grill

Game dynamics:

Coryat scores:

BobCat Andrew Billy
$10,800 $7,800 $1,200
23 R
(including 1 DD),
0 W
20 R
(including 1 DD),
2 W
(including 1 DD)
9 R,
2 W

Combined Coryat: $19,800

[game clues] [game scores] [suggest correction]

Game tape date: Unknown
The J! Archive is created by fans, for fans. Scraping, republication, monetization, and malicious use prohibited; this site may use cookies and collect identifying information. See terms. The Jeopardy! game show and all elements thereof, including but not limited to copyright and trademark thereto, are the property of Jeopardy Productions, Inc. and are protected under law. This website is not affiliated with, sponsored by, or operated by Jeopardy Productions, Inc. Join the discussion at JBoard.tv.